Marcatori dell'Italia agli Europei - Belgio-Paesi Bassi 2000 - Statistics

Statistiche generali
  • Questo quiz è stato fatto 12 volte
  • Il punteggio medio è 6 su 9
Statistiche sulle risposte
Partita Minuto Marcatore % Corretto
Italia - Svezia 2-1 86' Alessandro Del Piero
100%
Italia - Belgio 2-0 6' Francesco Totti
100%
Italia - Romania 2-0 33' Francesco Totti
100%
Tunisia - Italia 1-2 70' Filippo Inzaghi
67%
Italia - Romania 2-0 43' Filippo Inzaghi
67%
Francia - Italia 2-1 (d.t.s.) 55' Marco Delvecchio
58%
Italia - Svezia 2-1 39' Luigi Di Biagio
50%
Italia - Belgio 2-0 66' Stefano Fiore
33%
Tunisia - Italia 1-2 52' Antonio Conte
25%
Nessun quiz corrispondente trovato
Distribuzione punteggi
Percentuale di utenti per punteggio
Percentile per numero di risposta
I tuoi punteggi nel tempo
Non hai fatto questo quiz